000 00762nam a2200241 a 4500
001 000047409
005 20251020133340.0
008 180515s1999 dr a r 000 0 spa d
040 _aDO-SdBNP
_bspa
_cBNPHU
082 _axxxx
_bC267a, 1999
245 0 0 _aCardiodinámica /
_ceditor Rafael González de Peña.
250 _a3a ed.
260 _aSanto Domingo :
_bCentenario,
_c1999.
300 _a517 :
_bil ;
_c27 cm.
590 _aInventariado, 2018/LP
650 0 _aCardiología
_93561
650 4 _aElectrocardiografía
_93560
650 4 _aHipertensión
_920166
650 4 _aIsquemía miocardica
_925944
650 4 _aEnfermedades cardiovasculares
_925945
650 4 _aEnfermedades cardíaca
_975048
700 1 _aGonzález de Peña, Rafael,
_eed.
_925946
999 _c46897
_d46897